Impedancia característica y atenuación en cables telefónicos

Gespeichert in:
Bibliographische Detailangaben
1. Verfasser: Garita, Edgar A.
Format: Buch
Sprache:Spanish
Veröffentlicht: [San José , Costa Rica] [editor no identificado] [1969]
Tags: Tag hinzufügen
Keine Tags, Fügen Sie den ersten Tag hinzu!

MARC

LEADER 00000nam a2200000Ia 4500
003 MV0026
005 20221231143951.0
008 140114s1969 cr a 000 ||spa d
040 |c cru CEDI 
090 |a MV 26 
100 |a Garita, Edgar A.  |9 20949 
245 |a Impedancia característica y atenuación en cables telefónicos  
260 |a [San José , Costa Rica] [editor no identificado]  |c [1969] 
300 |a [14]páginas 
500 |a A la cabeza de la portada Instituto Costarricense de Electricidad. Telecomunicaciones 
942 |c MX 
999 |c 14940  |d 14940